City to River 3 (Very Difficult) - Statistics

General Stats
  • This quiz has been taken 23 times
  • The average score is 5 of 15
Answer Stats
Hint Answer % Correct
Manaus Amazon
91%
Little Rock Arkansas
83%
Chattanooga Tennessee
57%
Chicago Chicago
43%
Sacramento Sacramento
43%
Khabarovsk (Harbin is on a tributary) Amur
35%
Hanoi Red
35%
Guwahati Brahmaputra
26%
Duisburg (other than the Rhine) Ruhr
26%
Zagreb Sava
26%
Tete Zambezi
22%
Guilin Li
13%
Barranquilla Magdalena
4%
Hue Perfume
4%
Hangzhou Qiantang
4%
No matching quizzes found
Score Distribution
Percent of People with Each Score
Percentile by Number Answered
Your Score History
You have not taken this quiz